Killer Queen - Queen (All Lyrics) - Statistics

General Stats
  • This quiz has been taken 961 times
  • The average score is 111 of 197
Answer Stats
Killer Queen % Correct
a
99%
A
99%
Verse 1 She
99%
she
99%
Queen
95%
Killer
94%
an
92%
in
88%
In
88%
Chorus She's
88%
she's
88%
like
86%
the
86%
to
85%
Verse 2 To
85%
you
85%
just
84%
keeps
79%
Marie
79%
and
77%
pretty
77%
cabinet
75%
Antoinette
74%
her
74%
your
74%
mind
73%
eat
72%
laser
72%
blow
71%
beam
70%
Dynamite
70%
with
69%
anytime
66%
Anytime
66%
cake
66%
Let
66%
says
66%
them
66%
Moët
64%
et
61%
Gunpowder
61%
Guaranteed
59%
can't
55%
Kennedy
55%
remedy
54%
Chandon
53%
cigarettes
53%
for
53%
For
53%
gelatine
51%
Caviar
49%
decline
49%
invitation
49%
nice
49%
At
47%
at
47%
never
47%
well
47%
address
46%
from
46%
same
46%
avoid
45%
versed
45%
baroness
44%
etiquette
44%
kept
43%
China
42%
conversation
42%
Extraordinarily
42%
spoke
42%
built
40%
complications
40%
try?
37%
man
36%
Wanna
36%
appetite
33%
down
31%
of
31%
Paris
31%
care
30%
less
29%
Met
29%
naturally
29%
price
29%
as
28%
cat
28%
couldn't
28%
Recommended
28%
came
27%
Insatiable
27%
Perfume
27%
pussy
27%
went
27%
precise
26%
that
25%
Then
24%
you're
23%
Geisha
22%
get
21%
if
21%
Khrushchev
21%
out
21%
playful
21%
Bridge Drop
18%
way
18%
again
17%
cars
17%
drive
17%
hat
17%
inclined
17%
wild
16%
incidentally
15%
action
14%
absolutely
13%
Minah
13%
momentarily
13%
Temporarily
13%
Fastidious
12%
willing
12%
gas
9%
all
8%
No matching quizzes found
Score Distribution
Percent of People with Each Score
Percentile by Number Answered
Your Score History
You have not taken this quiz